Interaktívny produkt pre deti

Guardado en:
Detalles Bibliográficos
Autor principal: Reháková, Magdaléna (Autor)
Otros Autores: Lipková, Michala (Orientador)
Formato: Manuscrito Libro
Lenguaje:eslovaco
Publicado: Bratislava 2019
Materias:
Acceso en línea:http://is.stuba.sk/zp/portal_zp.pl?podrobnosti=133799
Etiquetas: Agregar Etiqueta
Sin Etiquetas, Sea el primero en etiquetar este registro!

MARC

LEADER 00000ntm a22000003a 4500
001 stuzp74851
003 SK-STU
005 20200923093508.0
007 ta
008 150427s2015----xo-----f-mn---000-0-slo-d
040 |a STU  |b slo 
041 0 |a slo 
100 1 |a Reháková, Magdaléna  |u 059190  |4 aut  |U FAD Fakulta architektúry  |T FA Ústav dizajnu  |X 82364  |U A9190  |Y 400  |7 82364 
242 0 1 |a Interactive product for children  |y eng 
245 1 0 |a Interaktívny produkt pre deti 
260 |c 2019  |a Bratislava 
650 4 |a nábytok  |2 slo 
650 4 |a deti  |2 slo 
650 4 |a Montessori  |2 slo 
650 4 |a modularita  |2 slo 
650 4 |a viacúčelovosť  |2 slo 
650 4 |a hravosť  |2 slo 
650 4 |a furniture  |2 eng 
650 4 |a children  |2 eng 
650 4 |a Montessori  |2 eng 
650 4 |a modularity  |2 eng 
650 4 |a multifunctionality  |2 eng 
650 4 |a playfulness  |2 eng 
700 1 |a Lipková, Michala  |u 059190  |k Z1  |4 ths  |U FAD Fakulta architektúry  |T FA Ústav dizajnu  |X 15371  |U A9190  |Y 400  |7 A000015371 
856 4 |u http://is.stuba.sk/zp/portal_zp.pl?podrobnosti=133799  |u https://opac.crzp.sk/?fn=detailBiblioForm&sid=819BE1355532A4D3171167AB1E91